000 01150nam a2200241Ia 4500
003 Ost
005 20260507075212.0
008 260507s9999||||xx |||||||||||||| ||und||
020 _a50654016149
040 _cfsecg
041 _aara
082 _a330
100 _aابو السعود، رمضان محمد
_eمؤلف
245 0 _aشرح أحكام القانون المدني :
_bالعقود المسماة /
_c رمضان محمد ابو السعود
260 _aبيروت:
_bمنشورات الحلبي الحقوقية,
_c2010
300 _a984 صفحة؛
_c24 سم
520 _aالعقود المسماة و العقود غير المسماة ، تعريف عقد البيع و عناصره و تمييزه عن غيره ، أركان عقد البيع و آثاره ، عناصر التأمين، أركان عقد التأمين و آثاره ، عقد البيع : الاحكام العامة في الايجار و أركانه و آثاره .
653 _aالقانون المدني
653 _aعقود الايجار
653 _aعقود البيع
653 _aقانون التأمين
942 _cكتاب
999 _c43475
_d43475